Biodiversity conservation and protected areas in tropical countries (Registro nro. 13359)

Detalles MARC
000 -CABECERA
Campo de control 004770000a22001450004500
090 ## - CLASIFICACIÓN LOCAL
Colección AR
Consecutivo 04262
041 0# - IDIOMA
Código de idioma para texto/pista de sonido o título separado
100 1# - ASIENTO PRINCIPAL--NOMBRE PERSONAL
Nombre personal Halffter, G.
245 10 - MENCION DE TITULO
Título Biodiversity conservation and protected areas in tropical countries
260 ## - PUBLICACION, DISTRIBUCION, ETC. (PIE DE IMPRENTA)
Lugar de publicación, distribución, etc. Francia
Nombre del editor, distribuidor, etc. CAB International
Fecha de publicación, distribución, etc. 1996
300 ## - DESCRIPCION FISICA
Extensión 212-221 p.
500 ## - NOTA GENERAL
Nota general <Literatura de escarabajos coprófagos>
773 1# - Item fuente:
Título Castri, Francesco Di; Younés, Talal Eds/Biodiversity, science and development
942 ## - ELEMENTOS ADICIONALES (KOHA)
Tipo de ítem Artículo
Existencias
Withdrawn status Lost status Damaged status No para préstamo Colección Ubicación Permanente Ubicación actual Fecha de adquisición Fuente de Valor Datos de publicación Seriada Total Checkouts Número topográfico Inventario / Código de Barras Date last seen Ejemplar Price effective from Forma de adquisición Tipo de material
      No para Préstamo Hemeroteca Bogotá Bogotá 17/11/2006 Trujillo, Diego Fuera de circulación   AR 04262 023705 25/03/2015 1 25/03/2015   Artículo